000
00284nam a2200133Ia 4500
008
190216s9999||||xx |||||||||||||| ||und||
100
_a
Paul R R
245
0
_a
Monetary Economics
250
_a
4th Ed.
260
_b
Null
_c
2000
300
_a
839
650
_a
Economics
942
_c
BK
999
_c
10530
_d
10530